000
00327nam a2200133Ia 4500
008
210430s9999 xx 000 0 und d
020
_a
978-81-317-3221-2
082
_a
519.4 R1651 N
100
_a
Babu Ram
_9
54357
245
_a
Numerical Methods
_c
Babu Ram
260
_a
India
_b
Pearson
300
_a
447 p
942
_c
BK
_2
ddc
999
_c
564921
_d
564921